100 Geography Questions easiest to hardest - Statistics

General Stats
  • This quiz has been taken 143 times
  • The average score is 60 of 100
Answer Stats
Question Answer % Correct
What is the name of our planet? Earth
99%
What continent is USA in? North America
97%
What is the capital of India? New Delhi
95%
In which continent was most of Roman Empire in? Europe
92%
What is the name of the largest ocean? Pacific
92%
What is the capital of France? Paris
92%
Which country was formerly called the Soviet Union? Russia
91%
In which country is the Sphinx located? Egypt
90%
What is the tallest mountain from sea level? Mount Everest
90%
In which country is Dubai in? UAE
90%
In which continent is Bolivia in? South America
89%
What language is dominantly spoken in Argentina? Spanish
89%
Where is Danish spoken? Denmark
88%
Which religion has the most followers? Christianity
87%
What is the capital of Spain? Madrid
87%
In which country is Sao Paulo in? Brazil
86%
What is the tallest man-made structure? Burj Khalifa
85%
What is the capital of Indonesia? Jakarta
83%
In which century did the population reach 1 billion? 19
82%
What is the longest land mountain range in the world? Andes
82%
Which country does Greenland belong to? Denmark
82%
Aphrodite is a goddess in which mythology? Greek
82%
What sea is located between Sudan and Saudi Arabia? Red Sea
82%
What is the official language of Israel? Hebrew
81%
Where is the dead sea located? Israel/Jordan
81%
Where is Machu Picchu? Peru
81%
Who 'Discovered' America? Colombus
79%
What is the capital of Peru? Lima
79%
What is the tallest mountain in Africa? Kilimanjaro
78%
Alexandria is the second largest of which country? Egypt
76%
In which modern country did Aztecs live? Mexico
76%
What is the capital of North Korea? Pyong Yang
76%
What is the largest island of Italy Sicily
76%
Name one country bordering Lake Victoria Uganda/Tanzania/Kenya
75%
What is the smallest ocean? Arctic
74%
Which island is divided by Greeks and Turks? Cyprus
73%
What is the largest 'desert' in the world? Antarctica
71%
Which country does the Easter Island belong to? Chile
71%
What sea is located north of Latvia? Baltic Sea
70%
Which country does Gibraltar belong to? United Kingdom
70%
From which country are French-fries most probably from? Belgium
69%
Angkor Wat is located in which country? Cambodia
68%
What country, other than Vatican, is enclosed in Italy? San Marino
68%
In which state is Mount Rushmore? South Dakota
68%
In which country is Timbuktu located? Mali
67%
Which former country was Dalai Lama associated with? Tibet
66%
In which island was Napolean born? Corsica
64%
What writing script does Russian language use? Cyrillic
64%
Which country used to be called Zaire? DRC
63%
Which country is divided into cantons? Switzerland
63%
In which country is Dar es Salaam located? Tanzania
62%
What is the largest city which speaks Catalan? Barcelona
61%
Which country is located in the region of Bohemia? Czechia
61%
Name a European country having a non - Indo European official language Hungary/Finland/Estonia
61%
Whose countries national animal is a unicorn? Scotland
61%
What national park is famous for geysers? Yellowstone
61%
What is the capital of Montenegro? Podgorica
59%
Which place does the Prime Meridian officially pass through? Greenwich
58%
Where is the Magyar spoken in? Hungary
57%
Which country was known as Southern Rhodesia Zimbabwe
57%
What is the largest country without rivers? Saudi Arabia
55%
What is the successor of the Papal States? Vatican City
55%
Which empire controlled the congo with a harsh rule? Belgium
53%
What is the current name of Saigon? Ho Chi Minh City
53%
Where is Guayaquil located? Ecuador
52%
What is the largest city in Ivory Coast? Abidjan
51%
Where is the city of Da Nang in? Vietnam
49%
Which language did Neslon Mandela natively speak? Xhosa
47%
What was the capital of West Germany? Bonn
46%
What language is spoken in Madagascar? Malagasy
46%
Where were dodos found? Mauritius
45%
What is the capital of Oregon? Salem
45%
Which empire did Cyrus the Great rule? Achaemenid
42%
Where is the Nubian desert located? Sudan
42%
Where is Tamil official in, other than Sri Lanka? Singapore
41%
Which mountain is the tallest, from base to tip? Mauna Kea
40%
What is the most sacred river of the underworld in Greek mythology? Styx
39%
What is the capital of Nauru? Yaren
39%
What is the capital of Minnesota? Saint Paul
38%
Which sea does Azov belong to? Black Sea
35%
What language starting with a Q is spoken in South America? Quechua
35%
What language, other than Tamil is official in Sri Lanka? Sinhala
34%
What is the only country to be named after a woman? St Lucia
34%
What is the second largest lake of Africa? Tanganyika
34%
What is the largest lake in Venezuela? Maracaibo
30%
What is the former capital of Burundi? Bujumbura
29%
What is the largest island of Russia? Sakhalin
29%
What is the smallest of the four main islands of Japan? Shikoku
29%
Who was the first leader of Gran Colombia? Simon Bolivar
29%
What is the Greek counterpart of Pluto? Hades
27%
What is the largest ethnic group of Nigeria? Hausa
24%
What religion did Mahavir found? Jainism
24%
What is the Roman counterpart of Kronos? Saturn
21%
What religion was founded in Persia, but now its mostly in India? Zoroastrianism
21%
What is the god of the dead in Egyptian mythology? Anubis
18%
What is the most spoken language in Eritrea? Tigrinya
18%
What mountain peak is the furthest from earth's core? Chimborazo
14%
What language is spoken in Maldives? Dhivehi
13%
What is the predecessor of Cordoban Caliphate? Umayyad
12%
Where is Bislama spoken? Vanuatu
10%
No matching quizzes found
Score Distribution
Percent of People with Each Score
Percentile by Number Answered
Your Score History
You have not taken this quiz